|
|
|
|
| LEADER |
01088nam a22003132a 4500 |
| 001 |
000878760 |
| 003 |
CZ BrMZK |
| 005 |
20071212080403.0 |
| 007 |
ta |
| 008 |
071212s1989 xr er|||||||||||cze d |
| 015 |
|
|
|a cnb000047649
|
| 035 |
|
|
|a (OCoLC)85640834
|
| 040 |
|
|
|a BOA001
|b cze
|
| 080 |
9 |
|
|a 631.52
|
| 080 |
9 |
|
|a 635(075.8)
|
| 080 |
9 |
|
|a 378.663
|
| 100 |
1 |
|
|a Lužný, Jan,
|d 1926-2013
|7 jk01072712
|4 aut
|
| 245 |
1 |
0 |
|a Šlechtění zahradnických rostlin III /
|c Jan Lužný
|
| 250 |
|
|
|a 1. vyd.
|
| 260 |
|
|
|a Brno :
|b Vysoká škola zemědělská,
|c 1989
|
| 300 |
|
|
|a 106 s.
|
| 504 |
|
|
|a Obsahuje bibliografii
|
| 910 |
|
|
|a BOA001
|b 4-0942.275
|
| 964 |
|
|
|a Zahradnictví - rostliny - šlechtění - učebnice - školy vysoké
|
| 990 |
|
|
|a BK
|
| 991 |
|
|
|b 200712
|
| 996 |
7 |
|
|b 2619252720
|c 4-0942.275
|l MZK
|r Sklad / do 1 hodiny
|n 2
|w 000878760
|u 000010
|a 1
|e BOA001
|j MZK50
|s A
|
| 996 |
7 |
|
|b 2619348858
|c 4-0942.275
|l MZK
|r Sklad / do 1 hodiny
|n 1
|w 000878760
|u 000020
|a 1
|e BOA001
|j MZK50
|s A
|
| 996 |
6 |
|
|b BC-500816
|c 4-0942.275
|l MZK
|r Sklad / do 1 hodiny
|n 0
|w 000878760
|u 000030
|a 1
|e BOA001
|j MZK50
|s P
|